000 00293nam a2200121 a 4500
001 4140
005 20140414131957.0
008 090218s19uu xx 00 eng d
050 _aTR 796
_bSp6 2005
245 _aMy Big book of sports and games.
440 _aDreamland series
999 _c112978
_d112978